000 00614nam a22001817a 4500
003 BD-DhUL
005 20160906090041.0
008 160906s1971 i a|||| |||| 000 0 b d
040 _cBD-DhUL
_dBD-DhUL
082 _a954
_bSAA
100 1 _aপাকড়াশী, সতীশ
245 _aঅগ্নিযুগের কথা /
_cসতীশ পাকড়াশী
260 _aকলিকাতা :
_bমযহারুল ইসলাম,
_c১৯৭১ ।
300 _a২৬৪ পৃ. ;
_c২০ সেমি. ।
650 _aইতিহাস
650 _aHistory
942 _2ddc
_cBK
999 _c104332
_d104332